Female Tennis Players by Picture #2 - Statistics

General Stats
  • This quiz has been taken 82 times
  • The average score is 9 of 12
Answer Stats
Picture Answer % Correct
Venus Williams
99%
Coco Gauff
89%
Iga Świątek
83%
Emma Raducanu
82%
Billie Jean King
80%
Martina Navratilova
76%
Elena Rybakina
68%
Elina Svitolina
61%
Victoria Azarenka
61%
Monica Seles
59%
Angelique Kerber
56%
Garbiñe Muguruza
51%
No matching quizzes found
Score Distribution
Percent of People with Each Score
Percentile by Number Answered
Your Score History
You have not taken this quiz